[Event "Ste Foy Morphy"]
[Site "Ste Foy"]
[Date "2019.03.09"]
[Round "4"]
[White "Chouinard, Etienne"]
[Black "Oliver, Vance"]
[Result "1/2-1/2"]
[WhiteElo "1868"]
[BlackElo "1618"]
[PlyCount "61"]
[EventDate "2019.02.16"]
[EventType "swiss"]
[EventRounds "5"]
[EventCountry "CAN"]
[SourceTitle "EXT 2022"]
[Source "ChessBase"]
[SourceDate "2021.10.06"]
[SourceVersion "1"]
[SourceVersionDate "2021.10.06"]
[SourceQuality "1"]

1. e4 d6 2. d4 g6 3. Be3 Bg7 4. c3 Nf6 5. f3 Nbd7 6. Bd3 e5 7. d5 c6 8. c4 Nc5 9. Ne2 0-0 10. Nbc3 Nxd3+ 11. Qxd3 Bd7 12. Qd2 Ne8 13. h4 f5 14. Bh6 f4 15. Bxg7 Nxg7 16. 0-0-0 c5 17. Rdg1 b5 18. cxb5 a6 19. bxa6 Rxa6 20. Qc2 Qa5 21. Kd2 c4 22. Ra1 Rb8 23. Kc1 Rbb6 24. Rb1 Qc5 25. Nd1 Ra8 26. Nec3 Nh5 27. Re1 Ng3 28. Nf2 Qb4 29. Qd2 Rab8 30. Nh1 Nh5 31. Re2 1/2-1/2

[Event "Ste Foy Euwe"]
[Site "Ste Foy"]
[Date "2019.01.26"]
[Round "3"]
[White "Chouinard, Etienne"]
[Black "Milette, Patrick"]
[Result "1-0"]
[WhiteElo "1862"]
[BlackElo "1820"]
[PlyCount "73"]
[EventDate "2019.01.12"]
[EventType "swiss"]
[EventRounds "5"]
[EventCountry "CAN"]
[SourceTitle "EXT 2022"]
[Source "ChessBase"]
[SourceDate "2021.10.06"]
[SourceVersion "1"]
[SourceVersionDate "2021.10.06"]
[SourceQuality "1"]

1. e4 g6 2. d4 Bg7 3. Be3 d6 4. c3 a6 5. Nd2 b5 6. a4 bxa4 7. Qxa4+ Nd7 8. Qc6 Rb8 9. Bxa6 Rb6 10. Qa8 Bxa6 11. Rxa6 Rxa6 12. Qxa6 Ngf6 13. Ne2 0-0 14. 0-0 Qb8 15. b4 Qa8 16. Ra1 Qxa6 17. Rxa6 Rb8 18. Ra5 h6 19. f3 Ne8 20. Kf2 Kh7 21. Ke1 Nef6 22. Kd1 e6 23. Kc2 Kg8 24. Kb3 Bf8 25. c4 c5 26. dxc5 dxc5 27. b5 Nb6 28. Bf4 Rb7 29. Nc3 g5 30. Be3 Nfd7 31. Na4 Nxa4 32. Rxa4 Nb6 33. Ra6 Kg7 34. Kc3 Be7 35. e5 f5 36. Nb3 Nd7 37. Rxe6 1-0

[Event "Ste Foy Euwe"]
[Site "Ste Foy"]
[Date "2019.01.12"]
[Round "1"]
[White "Chouinard, Etienne"]
[Black "Lescarbeau, Martin"]
[Result "1/2-1/2"]
[WhiteElo "1862"]
[BlackElo "1666"]
[PlyCount "60"]
[EventDate "2019.01.12"]
[EventType "swiss"]
[EventRounds "5"]
[EventCountry "CAN"]
[SourceTitle "EXT 2022"]
[Source "ChessBase"]
[SourceDate "2021.10.06"]
[SourceVersion "1"]
[SourceVersionDate "2021.10.06"]
[SourceQuality "1"]

1. e4 e5 2. Nf3 Nc6 3. Nc3 Nf6 4. Nxe5 Nxe5 5. d4 Ng6 6. e5 Ng8 7. Bc4 Bb4 8. Qf3 Bxc3+ 9. bxc3 Qe7 10. 0-0 Nh6 11. a4 0-0 12. Ba3 d6 13. exd6 cxd6 14. Rfe1 Qc7 15. Bb3 Be6 16. d5 Bg4 17. Qg3 Ne5 18. h3 Nf5 19. Qf4 Bxh3 20. gxh3 g6 21. Bxd6 Qxd6 22. Qxe5 Qd7 23. c4 Rfe8 24. Qc3 Rac8 25. a5 Rxe1+ 26. Rxe1 Qd8 27. f4 Qh4 28. Re4 Ng3 29. Re3 Nf5 30. Re4 Ng3 1/2-1/2

[Event "Ste Foy Tal"]
[Site "Ste Foy"]
[Date "2018.12.15"]
[Round "4"]
[White "Sarra Bournet, Marc"]
[Black "Chouinard, Etienne"]
[Result "1-0"]
[WhiteElo "1817"]
[BlackElo "1880"]
[PlyCount "159"]
[EventDate "2018.11.24"]
[EventType "swiss"]
[EventRounds "4"]
[EventCountry "CAN"]
[SourceTitle "EXT 2022"]
[Source "ChessBase"]
[SourceDate "2021.10.06"]
[SourceVersion "1"]
[SourceVersionDate "2021.10.06"]
[SourceQuality "1"]

1. e4 e5 2. Nf3 Nc6 3. Bb5 Nf6 4. 0-0 Bc5 5. d3 d6 6. h3 0-0 7. c3 Bd7 8. b4 Bb6 9. a4 a6 10. Bc4 Ne7 11. Bg5 Ng6 12. d4 exd4 13. cxd4 h6 14. Bxf6 Qxf6 15. Nc3 Be6 16. Nd5 Bxd5 17. Bxd5 c6 18. Bb3 Rfe8 19. Bc2 Rad8 20. Ra3 Nh4 21. Nxh4 Qxh4 22. Rg3 h5 23. Qd3 g6 24. a5 Ba7 25. Rf3 Re6 26. d5 Rf6 27. Rxf6 Qxf6 28. dxc6 b5 29. Bb3 Rc8 30. Qd5 Rc7 31. Kh1 Qc3 32. Qxd6 Rxc6 33. Bxf7+ Kxf7 34. Qd7+ Kf6 35. f4 Bd4 36. e5+ Bxe5 37. fxe5+ Kxe5 38. Qe7+ Kd5 39. Rd1+ Kc4 40. Qe4+ Kb3 41. Rd3 Qxd3 42. Qxd3+ Kxb4 43. Qe4+ Rc4 44. Qxg6 Kxa5 45. Qxh5 Kb4 46. Qg5 a5 47. Qd2+ Ka4 48. g4 b4 49. g5 b3 50. g6 Rc2 51. Qd4+ Ka3 52. g7 Rc8 53. Qd6+ Ka2 54. Qe6 Rb8 55. g8Q Rxg8 56. Qxg8 a4 57. h4 a3 58. h5 Kb2 59. Qg7+ Kb1 60. Qc3 Ka2 61. Qc4 Kb2 62. h6 a2 63. Qd4+ Kb1 64. h7 a1Q 65. Qxa1+ Kxa1 66. h8Q+ b2 67. Qc3 Ka2 68. Qc2 Ka1 69. Qa4+ Kb1 70. Kg2 Kc1 71. Qa3 Kc2 72. Qa2 Kc1 73. Qc4+ Kd1 74. Qb3+ Kc1 75. Qc3+ Kb1 76. Kf2 Ka2 77. Qc2 Ka1 78. Qa4+ Kb1 79. Ke2 Kc1 80. Qd1# 1-0

[Event "Ste Foy Fischer"]
[Site "Ste Foy"]
[Date "2018.10.20"]
[Round "2"]
[White "Nafii, Adil"]
[Black "Chouinard, Etienne"]
[Result "0-1"]
[WhiteElo "1616"]
[BlackElo "1904"]
[PlyCount "66"]
[EventDate "2018.10.13"]
[EventType "swiss"]
[EventRounds "5"]
[EventCountry "CAN"]
[SourceTitle "EXT 2022"]
[Source "ChessBase"]
[SourceDate "2021.10.06"]
[SourceVersion "1"]
[SourceVersionDate "2021.10.06"]
[SourceQuality "1"]

1. d4 d5 2. c4 e6 3. Nc3 Nf6 4. Bg5 Nbd7 5. e3 c6 6. Nf3 Qa5 7. Bxf6 Nxf6 8. Nd2 Bb4 9. Qc2 0-0 10. c5 Bd7 11. Bd3 Rae8 12. f4 h6 13. h3 Bxc3 14. bxc3 Qc7 15. Nf3 Bc8 16. g4 Nd7 17. h4 f6 18. Bh7+ Kh8 19. Bg6 Re7 20. g5 e5 21. gxf6 gxf6 22. dxe5 fxe5 23. f5 e4 24. Ng5 Qg3+ 25. Kd1 Ne5 26. Qd2 Bxf5 27. Bxf5 Rxf5 28. Qd4 Qg2 29. Re1 hxg5 30. hxg5 Rf1 31. Rc1 Rxe1+ 32. Kxe1 Kg8 33. Kd1 Nf3 0-1

[Event "Ste Foy Fischer"]
[Site "Ste Foy"]
[Date "2018.10.13"]
[Round "1"]
[White "Chouinard, Etienne"]
[Black "Gaudreau, Eric"]
[Result "1/2-1/2"]
[WhiteElo "1904"]
[BlackElo "1690"]
[PlyCount "107"]
[EventDate "2018.10.13"]
[EventType "swiss"]
[EventRounds "5"]
[EventCountry "CAN"]
[SourceTitle "EXT 2022"]
[Source "ChessBase"]
[SourceDate "2021.10.06"]
[SourceVersion "1"]
[SourceVersionDate "2021.10.06"]
[SourceQuality "1"]

1. d4 Nf6 2. Bg5 d5 3. Nd2 Bf5 4. e3 h6 5. Bh4 e6 6. h3 c5 7. c3 cxd4 8. exd4 Bd6 9. Ngf3 Qc7 10. Bxf6 gxf6 11. Nh4 Bg6 12. Nxg6 fxg6 13. Qg4 Qf7 14. Bb5+ Nc6 15. 0-0-0 h5 16. Qe2 0-0-0 17. Bxc6 bxc6 18. Rhe1 e5 19. Nb3 Qc7 20. f3 Rde8 21. Qd3 f5 22. dxe5 Bxe5 23. Re2 Bg3 24. Kb1 Kb8 25. Nc5 Ka8 26. Rdd2 Qd6 27. Nb3 Qc7 28. Rxe8+ Rxe8 29. Re2 Rxe2 30. Qxe2 Qe5 31. Qa6 Qe1+ 32. Kc2 Qf2+ 33. Nd2 Kb8 34. Qxc6 Qxg2 35. Qxd5 Bf4 36. Qg8+ Kb7 37. Qf7+ Kb8 38. Qf8+ Kc7 39. Qc5+ Kd7 40. Qd4+ Bd6 41. Qxa7+ Ke6 42. Qe3+ Kf7 43. Qd4 Be7 44. Qd5+ Kg7 45. Kb3 Qxh3 46. Nc4 Qh4 47. a4 Qf6 48. a5 h4 49. Ne3 Kh6 50. Qd2 Qe6+ 51. Nd5+ Bg5 52. Qd4 Kh7 53. Qa7+ Kh6 54. Qd4 1/2-1/2

[Event "Ste Foy Botwinnik"]
[Site "Ste Foy"]
[Date "2018.09.08"]
[Round "1"]
[White "Laflamme, Simon"]
[Black "Chouinard, Etienne"]
[Result "1/2-1/2"]
[WhiteElo "1948"]
[BlackElo "1879"]
[PlyCount "106"]
[EventDate "2018.09.08"]
[EventType "swiss"]
[EventRounds "5"]
[EventCountry "CAN"]
[SourceTitle "EXT 2022"]
[Source "ChessBase"]
[SourceDate "2021.10.06"]
[SourceVersion "1"]
[SourceVersionDate "2021.10.06"]
[SourceQuality "1"]

1. d4 d5 2. c4 e6 3. Nc3 Nf6 4. cxd5 exd5 5. Bg5 Nbd7 6. e3 c6 7. Bd3 Be7 8. Nge2 0-0 9. Qc2 h6 10. Bh4 Re8 11. f3 Nb6 12. 0-0 g5 13. Bf2 g4 14. Nf4 Bd6 15. Nfe2 gxf3 16. gxf3 Bh3 17. Rfe1 Kh8 18. Kh1 Ne4 19. fxe4 Qf6 20. Nf4 Bxf4 21. exf4 Qxf4 22. Re3 Bg4 23. Rg3 Bf3+ 24. Kg1 dxe4 25. Qc1 e3 26. Be1 Rg8 27. Be2 h5 28. Bxf3 Qxf3 29. Qd1 Rxg3+ 30. Bxg3 Qf5 31. Qf1 Qg6 32. Kh1 Re8 33. Be5+ Kh7 34. Qf6 Nc4 35. Qxg6+ Kxg6 36. Rg1+ Kf5 37. Rf1+ Kg4 38. Rf4+ Kg5 39. Ne4+ Kg6 40. Rf6+ Kg7 41. Rf3+ Kf8 42. Ng3 Nxe5 43. dxe5 Rxe5 44. Ne2 Ke7 45. Kg2 f5 46. Rf4 Kf6 47. Kf3 c5 48. Ra4 a6 49. Ra3 c4 50. Nd4 Re4 51. Ne2 Rh4 52. Kg3 Rg4+ 53. Kf3 Rh4 1/2-1/2

[Event "Ste Foy CC-ch"]
[Site "Ste Foy"]
[Date "2018.05.26"]
[Round "3"]
[White "Chouinard, Etienne"]
[Black "Sarra Bournet, Marc"]
[Result "0-1"]
[WhiteElo "1901"]
[BlackElo "1854"]
[PlyCount "106"]
[EventDate "2018.05.12"]
[EventType "tourn"]
[EventRounds "5"]
[EventCountry "CAN"]
[SourceTitle "EXT 2022"]
[Source "ChessBase"]
[SourceDate "2021.10.06"]
[SourceVersion "1"]
[SourceVersionDate "2021.10.06"]
[SourceQuality "1"]

1. d4 d5 2. e3 Nf6 3. Bd3 e6 4. f4 c5 5. c3 Be7 6. Nf3 0-0 7. 0-0 Nc6 8. Ne5 Qb6 9. Kh1 g6 10. Nd2 Nh5 11. Qg4 f5 12. Qd1 Nxe5 13. fxe5 Bd7 14. Be2 Ng7 15. Nf3 Rad8 16. a4 a5 17. g3 g5 18. e4 g4 19. Ng5 dxe4 20. Nxe4 Bc6 21. Bxg4 Bxe4+ 22. Bf3 Bxf3+ 23. Qxf3 cxd4 24. cxd4 Qxd4 25. Qxb7 Qd5+ 26. Qxd5 Rxd5 27. Bf4 Bb4 28. Rac1 Rfd8 29. Kg2 Bd2 30. Rc7 Bxf4 31. gxf4 Rb8 32. Rg1 Kh8 33. Kh3 Rg8 34. Kh4 Rd4 35. Rf1 Rxa4 36. Re7 Rb4 37. Kg5 Rxb2 38. Kf6 Nh5+ 39. Kxe6 Rxh2 40. Ra7 Ng7+ 41. Kf7 Rb2 42. Rg1 Rbb8 43. Ra1 Rbe8 44. Kf6 Rgf8+ 45. Kg5 Ne6+ 46. Kh6 Ng7 47. R1xa5 Re6+ 48. Kg5 Rg6+ 49. Kh4 Rg4+ 50. Kh3 Ne6 51. R5a6 Nxf4+ 52. Kh2 Rfg8 53. Ra8 Rh4# 0-1

[Event "Ste Foy Euwe"]
[Site "Ste Foy"]
[Date "2018.01.27"]
[Round "3"]
[White "Laflamme, Simon"]
[Black "Chouinard, Etienne"]
[Result "1-0"]
[WhiteElo "1938"]
[BlackElo "1906"]
[PlyCount "51"]
[EventDate "2018.01.13"]
[EventType "swiss"]
[EventRounds "5"]
[EventCountry "CAN"]
[SourceTitle "EXT 2022"]
[Source "ChessBase"]
[SourceDate "2021.10.06"]
[SourceVersion "1"]
[SourceVersionDate "2021.10.06"]
[SourceQuality "1"]

1. d4 Nf6 2. c4 g6 3. Nc3 d6 4. e4 Bg7 5. Be2 0-0 6. Bg5 c5 7. d5 h6 8. Be3 Nbd7 9. Nf3 Ng4 10. Bd2 Nge5 11. Nxe5 Nxe5 12. f4 Nd7 13. 0-0 Kh7 14. Bd3 Rh8 15. Qf3 Qe8 16. Rae1 Kg8 17. Nb5 Qf8 18. Bc3 Bxc3 19. Nxc3 Qg7 20. e5 dxe5 21. fxe5 Nf8 22. d6 e6 23. Nb5 Rh7 24. Nc7 Rb8 25. Ne8 Qh8 26. Nf6+ 1-0

[Event "Ste Foy Tal"]
[Site "Ste Foy"]
[Date "2017.12.09"]
[Round "3"]
[White "Lessard, Claude"]
[Black "Chouinard, Etienne"]
[Result "1/2-1/2"]
[WhiteElo "2133"]
[BlackElo "1903"]
[PlyCount "113"]
[EventDate "2017.11.25"]
[EventType "swiss"]
[EventRounds "5"]
[EventCountry "CAN"]
[SourceTitle "EXT 2022"]
[Source "ChessBase"]
[SourceDate "2021.10.06"]
[SourceVersion "1"]
[SourceVersionDate "2021.10.06"]
[SourceQuality "1"]

1. d4 d5 2. e4 dxe4 3. Nc3 Nf6 4. f3 exf3 5. Nxf3 Bg4 6. h3 Bh5 7. g4 Bg6 8. Bg2 Nc6 9. a3 e6 10. 0-0 Bd6 11. Nh4 0-0 12. Nxg6 hxg6 13. Be3 Qd7 14. Qd3 Rad8 15. Rad1 Be7 16. Qb5 Nd5 17. Nxd5 exd5 18. c4 Nb8 19. Qxb7 c6 20. Qb3 Qe6 21. cxd5 cxd5 22. Rfe1 Bh4 23. Bf2 Bxf2+ 24. Kxf2 Qf6+ 25. Qf3 Nc6 26. Qxf6 gxf6 27. Ke3 Rfe8+ 28. Kd3 Rxe1 29. Rxe1 Rd7 30. b4 Kg7 31. b5 Ne7 32. a4 g5 33. Rc1 Ng6 34. Bf1 Nf4+ 35. Ke3 f5 36. gxf5 Kf6 37. a5 Kxf5 38. b6 axb6 39. axb6 Re7+ 40. Kf2 Rb7 41. Rc6 Ke4 42. Ba6 Rb8 43. b7 Nd3+ 44. Bxd3+ Kxd3 45. Rc7 f6 46. Rf7 Kxd4 47. Rxf6 Rxb7 48. Rg6 Rf7+ 49. Kg3 Rf5 50. Kg4 Ke4 51. Ra6 d4 52. Rd6 Rd5 53. Re6+ Kd3 54. Kf3 Rf5+ 55. Kg4 Rc5 56. Kf3 Rc1 57. Kf2 1/2-1/2

[Event "Ste Foy Fischer"]
[Site "Ste Foy"]
[Date "2017.10.21"]
[Round "2"]
[White "Chouinard, Etienne"]
[Black "Bernatchez, Dan"]
[Result "1-0"]
[WhiteElo "1880"]
[BlackElo "1967"]
[PlyCount "79"]
[EventDate "2017.10.14"]
[EventType "swiss"]
[EventRounds "5"]
[EventCountry "CAN"]
[SourceTitle "EXT 2022"]
[Source "ChessBase"]
[SourceDate "2021.10.06"]
[SourceVersion "1"]
[SourceVersionDate "2021.10.06"]
[SourceQuality "1"]

1. e4 c5 2. f4 e6 3. Nf3 d5 4. e5 Nc6 5. c3 Nge7 6. d4 Qb6 7. dxc5 Qxc5 8. Nd4 Nf5 9. Nxf5 exf5 10. b4 Qb6 11. Qxd5 Be6 12. Qb5 Qc7 13. Be2 a6 14. Qa4 Be7 15. Be3 0-0 16. 0-0 b5 17. Qd1 Rfd8 18. Qe1 Rac8 19. Qf2 Rd7 20. a4 Rb8 21. axb5 axb5 22. Na3 f6 23. Nxb5 Qc8 24. Nd4 Nd8 25. Nxe6 Nxe6 26. Rfc1 Rc7 27. Ba6 Qe8 28. Bb6 Rc6 29. Bb5 Rbxb6 30. Qxb6 Rxb6 31. Bxe8 Nxf4 32. exf6 Bxf6 33. Ra8 g5 34. Kf1 Kg7 35. b5 Nd3 36. Rd1 Ne5 37. Rc8 Rb7 38. Rd6 Re7 39. b6 Ng4 40. Rd7 1-0

[Event "Quebec Montcalm op 2 2017-18"]
[Site "Quebec"]
[Date "2017.10.19"]
[Round "2"]
[White "Genest, Dominic"]
[Black "Chouinard, Etienne"]
[Result "0-1"]
[WhiteElo "1739"]
[BlackElo "1860"]
[PlyCount "70"]
[EventDate "2017.10.12"]
[EventType "swiss"]
[EventRounds "5"]
[EventCountry "CAN"]
[SourceTitle "EXT 2022"]
[Source "ChessBase"]
[SourceDate "2021.10.06"]
[SourceVersion "1"]
[SourceVersionDate "2021.10.06"]
[SourceQuality "1"]

1. c4 Nf6 2. g3 g6 3. Nf3 Bg7 4. Bg2 0-0 5. 0-0 d6 6. Nc3 c6 7. b4 Nbd7 8. Bb2 Rb8 9. a4 a5 10. b5 c5 11. d3 b6 12. Qc2 Bb7 13. e4 e5 14. Bc1 Bc8 15. Nh4 Nh5 16. Bh3 Ndf6 17. Bxc8 Qxc8 18. Bg5 h6 19. Bxf6 Bxf6 20. Ng2 Qh3 21. f4 exf4 22. Nxf4 Bd4+ 23. Rf2 Nxf4 24. gxf4 Bxf2+ 25. Qxf2 Qxd3 26. Nd5 Kg7 27. Qb2+ f6 28. e5 dxe5 29. fxe5 Qxc4 30. Nxf6 Rbd8 31. Kh1 Qd4 32. Qa2 Qxe5 33. Ng4 Qe4+ 34. Qg2 Qxg2+ 35. Kxg2 Rd2+ 0-1

[Event "Ste Foy Botwinnik"]
[Site "Ste Foy"]
[Date "2017.10.07"]
[Round "5"]
[White "Chouinard, Etienne"]
[Black "Sauve, Richard"]
[Result "1/2-1/2"]
[WhiteElo "1860"]
[BlackElo "1891"]
[PlyCount "141"]
[EventDate "2017.09.09"]
[EventType "swiss"]
[EventRounds "5"]
[EventCountry "CAN"]
[SourceTitle "EXT 2022"]
[Source "ChessBase"]
[SourceDate "2021.10.06"]
[SourceVersion "1"]
[SourceVersionDate "2021.10.06"]
[SourceQuality "1"]

1. e4 e6 2. d4 d5 3. exd5 exd5 4. Nf3 Bd6 5. Bd3 Nc6 6. 0-0 Nge7 7. c3 Bg4 8. Bg5 Qd7 9. Nbd2 h6 10. Bxe7 Nxe7 11. Qb3 0-0 12. Ne5 Bxe5 13. dxe5 c6 14. Rae1 Rab8 15. h3 Bf5 16. Qc2 Rfe8 17. Re3 Rbd8 18. Nf3 Bxd3 19. Qxd3 Ng6 20. Rfe1 Nf8 21. b4 Ne6 22. Nd4 a6 23. Rg3 Nxd4 24. cxd4 f6 25. f4 fxe5 26. dxe5 Qe7 27. Qb1 c5 28. bxc5 Qxc5+ 29. Kh2 Qc7 30. Qg6 d4 31. e6 Kh8 32. f5 Qe7 33. Rd1 Rf8 34. Qxg7+ Qxg7 35. Rxg7 Kxg7 36. e7 Rfe8 37. exd8R Rxd8 38. Kg3 Kf6 39. Kf4 b5 40. g4 Rd7 41. h4 Rd8 42. Rd3 a5 43. g5+ hxg5+ 44. hxg5+ Kf7 45. Ke4 Rg8 46. g6+ Kf6 47. Rxd4 Re8+ 48. Kf4 Re2 49. Rd6+ Ke7 50. Re6+ Rxe6 51. fxe6 Kf6 52. Ke4 b4 53. Kd5 a4 54. Kd6 b3 55. e7 b2 56. e8Q b1Q 57. Qf7+ Kg5 58. g7 Qb6+ 59. Ke7 Qc5+ 60. Kd8 Qd6+ 61. Qd7 Qb8+ 62. Ke7 Qb4+ 63. Ke8 Qc4 64. Qd2+ Kf6 65. Qb2+ Kg6 66. Qg2+ Kh7 67. g8B+ Qxg8+ 68. Qxg8+ Kxg8 69. a3 Kg7 70. Kd7 Kf7 71. Kc6 1/2-1/2

[Event "Ste Foy Petrossian"]
[Site "Ste Foy"]
[Date "2017.04.22"]
[Round "3"]
[White "Chouinard, Etienne"]
[Black "Lessard, Claude"]
[Result "0-1"]
[WhiteElo "1859"]
[BlackElo "2119"]
[PlyCount "53"]
[EventDate "2017.04.01"]
[EventType "swiss"]
[EventRounds "5"]
[EventCountry "CAN"]
[SourceTitle "EXT 2022"]
[Source "ChessBase"]
[SourceDate "2021.10.06"]
[SourceVersion "1"]
[SourceVersionDate "2021.10.06"]
[SourceQuality "1"]

1. e4 c6 2. d4 d5 3. e5 c5 4. c3 Nc6 5. Be3 Bf5 6. Nd2 cxd4 7. Bxd4 e6 8. Ngf3 Be7 9. Qa4 Nh6 10. Bb5 0-0 11. Bxc6 bxc6 12. Qxc6 Bd3 13. Qa4 Qb8 14. Qb3 Nf5 15. g4 Nxd4 16. cxd4 Ba6 17. Rc1 Bb4 18. a3 Qb5 19. Qe3 Rac8 20. Kd1 Rxc1+ 21. Kxc1 Rc8+ 22. Kb1 Bc3 23. b3 Qd3+ 24. Qxd3 Bxd3+ 25. Kc1 Bxd4+ 26. Kd1 Bb2 27. Nc4 0-1

[Event "Ste Foy Tal"]
[Site "Ste Foy"]
[Date "2016.12.10"]
[Round "4"]
[White "Sarra Bournet, Marc"]
[Black "Chouinard, Etienne"]
[Result "1-0"]
[WhiteElo "1867"]
[BlackElo "1860"]
[PlyCount "106"]
[EventDate "2016.11.19"]
[EventType "tourn"]
[EventRounds "5"]
[EventCountry "CAN"]
[SourceTitle "EXT 2022"]
[Source "ChessBase"]
[SourceDate "2021.10.06"]
[SourceVersion "1"]
[SourceVersionDate "2021.10.06"]
[SourceQuality "1"]

1. e4 e5 2. Nf3 Nc6 3. Bb5 Nf6 4. 0-0 Nxe4 5. Qe2 Nd6 6. Bxc6 dxc6 7. Nxe5 Be6 8. Re1 Qf6 9. d4 0-0-0 10. c3 h6 11. Nd2 Nf5 12. Ne4 Qh4 13. Nf3 Qh5 14. Bf4 Bd6 15. Be5 Rhg8 16. Rad1 Ne7 17. Ng3 Qg6 18. h3 Nd5 19. Qd2 Nb6 20. b3 Nd7 21. Bxd6 cxd6 22. Nh4 Qf6 23. Re4 g5 24. Nh5 Qh8 25. Nf3 Nf6 26. Nxf6 Qxf6 27. Nh2 h5 28. Qe2 Qg6 29. Nf1 g4 30. h4 Qf6 31. g3 Bd5 32. Rf4 Qh8 33. Nd2 Rge8 34. Qf1 Re7 35. c4 Bf3 36. Nxf3 gxf3 37. Rxf3 Rde8 38. Qh3+ Kc7 39. Qf5 Re1+ 40. Rxe1 Rxe1+ 41. Kg2 Qxd4 42. Qxf7+ Kb6 43. b4 Qa1 44. c5+ dxc5 45. bxc5+ Kxc5 46. Qxh5+ Kd6 47. Rd3+ Kc7 48. Qa5+ b6 49. Qxa7+ Kc8 50. Qd7+ Kb8 51. Qxc6 Rg1+ 52. Kf3 Rxg3+ 53. Kxg3 Qg7+ 1-0

[Event "Ste Foy Fischer"]
[Site "Ste Foy"]
[Date "2016.10.22"]
[Round "2"]
[White "Chouinard, Etienne"]
[Black "Nafii, Adil"]
[Result "1-0"]
[WhiteElo "1880"]
[BlackElo "1593"]
[PlyCount "97"]
[EventDate "2016.10.15"]
[EventType "swiss"]
[EventRounds "5"]
[EventCountry "CAN"]
[SourceTitle "EXT 2022"]
[Source "ChessBase"]
[SourceDate "2021.10.06"]
[SourceVersion "1"]
[SourceVersionDate "2021.10.06"]
[SourceQuality "1"]

1. e4 c5 2. f4 Nc6 3. Nf3 e6 4. d4 cxd4 5. Nxd4 Bc5 6. Be3 Qb6 7. c3 Bxd4 8. Bxd4 Nxd4 9. Qxd4 Qxb2 10. Qxg7 Qxa1 11. Bd3 Qb2 12. 0-0 Qb6+ 13. Kh1 Qe3 14. Qxh8 Qxd3 15. Qxg8+ Ke7 16. Qg5+ Ke8 17. Re1 b6 18. f5 Bb7 19. f6 Kd8 20. Qg8+ Kc7 21. Qxf7 Bxe4 22. Qg7 Bg6 23. h3 a5 24. Na3 Be4 25. Rxe4 Qxe4 26. Nb5+ Kc6 27. Nd4+ Kc7 28. f7 e5 29. Ne6+ Kd6 30. f8Q+ Rxf8 31. Nxf8 Qe1+ 32. Kh2 Qxc3 33. Qxd7+ Kc5 34. Qxh7 b5 35. Ne6+ Kd6 36. Ng5 Qe3 37. Qh6+ Kd5 38. Qe6+ Kc5 39. Qe7+ Kc4 40. Ne6 a4 41. a3 Kd5 42. Qd7+ Kc4 43. Qc6+ Kb3 44. Qxb5+ Kxa3 45. Qc5+ Qxc5 46. Nxc5 Kb4 47. Nxa4 e4 48. Kg1 Kc4 49. Kf1 1-0

[Event "Ste Foy CC-ch"]
[Site "Ste Foy"]
[Date "2016.05.21"]
[Round "2"]
[White "Sauve, Richard"]
[Black "Chouinard, Etienne"]
[Result "1/2-1/2"]
[WhiteElo "1900"]
[BlackElo "1907"]
[PlyCount "48"]
[EventDate "2016.05.14"]
[EventType "tourn"]
[EventRounds "5"]
[EventCountry "CAN"]
[SourceTitle "EXT 2022"]
[Source "ChessBase"]
[SourceDate "2021.10.06"]
[SourceVersion "1"]
[SourceVersionDate "2021.10.06"]
[SourceQuality "1"]

1. d4 d5 2. c4 e6 3. Nc3 Nf6 4. Bg5 Nbd7 5. e3 c6 6. Nf3 Qa5 7. Nd2 Bb4 8. Qc2 0-0 9. a3 Bxc3 10. bxc3 dxc4 11. Bxf6 Nxf6 12. Nxc4 Qc7 13. Bd3 b5 14. Ne5 Bb7 15. 0-0 a6 16. c4 Rfc8 17. Rfc1 Qe7 18. Qb3 Nd7 19. cxb5 cxb5 20. Nxd7 Qxd7 21. f3 f5 22. Qb2 g6 23. Bc2 Bd5 24. Bb3 Bxb3 1/2-1/2

[Event "Ste Foy Petrosian"]
[Site "Ste Foy"]
[Date "2016.05.07"]
[Round "5"]
[White "Dube, Daniel"]
[Black "Chouinard, Etienne"]
[Result "0-1"]
[WhiteElo "1855"]
[BlackElo "1905"]
[PlyCount "110"]
[EventDate "2016.04.09"]
[EventType "swiss"]
[EventRounds "5"]
[EventCountry "CAN"]
[SourceTitle "EXT 2022"]
[Source "ChessBase"]
[SourceDate "2021.10.06"]
[SourceVersion "1"]
[SourceVersionDate "2021.10.06"]
[SourceQuality "1"]

1. e4 e5 2. f4 exf4 3. Nf3 d6 4. Bc4 g5 5. h4 g4 6. Ng5 Nh6 7. d4 f6 8. Ne6 Bxe6 9. Bxe6 Qe7 10. d5 Na6 11. Bxf4 Nc5 12. Nc3 Nxe6 13. dxe6 Qxe6 14. Qd2 Nf7 15. 0-0 0-0-0 16. Nd5 c6 17. Nxf6 Be7 18. Nh5 Bxh4 19. Qa5 Kb8 20. Ng3 Bxg3 21. Bxg3 Ne5 22. b3 b6 23. Qc3 Rhf8 24. Rf5 Rxf5 25. exf5 Qxf5 26. Rf1 Qe6 27. a4 Kb7 28. a5 Qd5 29. b4 b5 30. a6+ Kxa6 31. Qa3+ Kb7 32. Ra1 Ra8 33. Qa6+ Kc7 34. Bf2 Nc4 35. Re1 Qg5 36. Rf1 g3 37. Bxg3 Qxg3 38. Rf7+ Kd8 39. Qa1 Qe3+ 40. Kh1 Qh6+ 41. Kg1 Ne5 42. Rf2 Kc7 43. c4 Rf8 44. Qxa7+ Kd8 45. Qb8+ Ke7 46. Qc7+ Ke6 47. Rxf8 Qxf8 48. cxb5 cxb5 49. Qxh7 Qf7 50. Qh3+ Qf5 51. Qb3+ Nc4 52. Qd1 Qe4 53. Qh5 Qe3+ 54. Kh1 Qe1+ 55. Kh2 Qe5+ 0-1

[Event "Ste Foy Petrosian"]
[Site "Ste Foy"]
[Date "2016.04.30"]
[Round "4"]
[White "Laflamme, Simon"]
[Black "Chouinard, Etienne"]
[Result "0-1"]
[WhiteElo "1835"]
[BlackElo "1905"]
[PlyCount "38"]
[EventDate "2016.04.09"]
[EventType "swiss"]
[EventRounds "5"]
[EventCountry "CAN"]
[SourceTitle "EXT 2022"]
[Source "ChessBase"]
[SourceDate "2021.10.06"]
[SourceVersion "1"]
[SourceVersionDate "2021.10.06"]
[SourceQuality "1"]

1. e4 e5 2. f4 exf4 3. Nf3 d6 4. Nc3 g5 5. g3 g4 6. Nh4 Be7 7. Ng2 f3 8. Ne3 h5 9. Bc4 h4 10. Kf2 Nc6 11. d3 Nd4 12. Ncd5 c6 13. Nxe7 Qxe7 14. c3 Ne2 15. Bd2 Qe5 16. Qf1 hxg3+ 17. Ke1 Rxh2 18. Rxh2 gxh2 19. Qh1 Qg3+ 0-1